[Event "35. Torneo Internacional La Roda "]
[Site "La Roda ESP"]
[Date "2008.03.20"]
[Round "3.12"]
[White "Suba, Mihai"]
[Black "Camacho Collados, Jose"]
[Result "1-0"]
[WhiteElo "2485"]
[BlackElo "2268"]
[PlyCount "125"]
[EventDate "2008.03.19"]
[EventType "swiss"]
[EventRounds "9"]
[EventCountry "ESP"]
[Source "lmi"]
[SourceDate "2008.03.19"]

1. c4 g6 2. e4 c5 3. Nf3 Bg7 4. d4 cxd4 5. Nxd4 Nc6 6. Be3 Nf6 7. Nc3 O-O 8.
Be2 b6 9. O-O Bb7 10. Ndb5 Rc8 11. Nd5 Nxe4 12. Nxa7 Nxa7 13. Bxb6 Qe8 14. Bxa7
Bxb2 15. Rb1 Bxd5 16. Qxd5 Nc3 17. Qd2 Nxe2+ 18. Qxe2 Bf6 19. Be3 d6 20. Bh6
Bg7 21. Bxg7 Kxg7 22. Rb7 e6 23. Rfb1 Kg8 24. h4 Qa4 25. R1b4 Qa3 26. Qe3 d5
27. cxd5 Qc1+ 28. Qxc1 Rxc1+ 29. Kh2 exd5 30. a4 Rfc8 31. h5 gxh5 32. Rh4 R8c7
33. Rxc7 Rxc7 34. a5 Ra7 35. Ra4 Ra6 36. Kg3 Kg7 37. Kf4 Kf6 38. Ra3 h6 39. Ke3
Ke5 40. Kd3 Kd6 41. Kd4 h4 42. Ra1 Kc6 43. f4 Kd6 44. f5 Ra7 45. a6 Kc6 46. Ra5
Kb6 47. Rxd5 Kxa6 48. Rd6+ Kb5 49. Rxh6 Ra2 50. Ke5 Rxg2 51. Rxh4 Kc5 52. Kf6
Rd2 53. Kxf7 Rd7+ 54. Kg6 Kd5 55. Rh1 Ra7 56. f6 Ra2 57. f7 Rg2+ 58. Kf6 Rf2+
59. Ke7 Re2+ 60. Kf8 Rb2 61. Rh5+ Kd4 62. Ke7 Re2+ 63. Kf6 1-0

[Event "35. Torneo Internacional La Roda "]
[Site "La Roda ESP"]
[Date "2008.03.20"]
[Round "3.14"]
[White "Porat, Ido"]
[Black "Larino Nieto, David"]
[Result "0-1"]
[WhiteElo "2272"]
[BlackElo "2439"]
[PlyCount "52"]
[EventDate "2008.03.19"]
[EventType "swiss"]
[EventRounds "9"]
[EventCountry "ESP"]
[Source "lmi"]
[SourceDate "2008.03.19"]

1. d4 Nf6 2. c4 e6 3. g3 c5 4. d5 exd5 5. cxd5 d6 6. Nc3 g6 7. Bg2 Bg7 8. Nf3
O-O 9. O-O a6 10. a4 Re8 11. Nd2 Nbd7 12. h3 Nh5 13. Nde4 Ne5 14. Bg5 f6 15.
Bc1 h6 16. f4 Nc4 17. Qd3 b5 18. g4 f5 19. gxh5 fxe4 20. Bxe4 Qh4 21. Bg2 Ne3
22. Bxe3 Rxe3 23. Qxg6 Bxh3 24. Rf3 Rxf3 25. Bxf3 Kh8 26. Rd1 Rg8 0-1

[Event "35. Torneo Internacional La Roda "]
[Site "La Roda ESP"]
[Date "2008.03.20"]
[Round "3.15"]
[White "Llorente Zaro, Alfonso"]
[Black "Cortes Lizano, Jesus"]
[Result "1/2-1/2"]
[WhiteElo "2435"]
[BlackElo "2250"]
[PlyCount "77"]
[EventDate "2008.03.19"]
[EventType "swiss"]
[EventRounds "9"]
[EventCountry "ESP"]
[Source "lmi"]
[SourceDate "2008.03.19"]

1. Nf3 d5 2. b3 Nf6 3. Bb2 h6 4. c4 c6 5. e3 Bf5 6. d3 e6 7. Be2 Be7 8. O-O a5
9. a3 O-O 10. Nbd2 Na6 11. Bc3 Nc5 12. Ne5 Bd6 13. f4 Nfd7 14. Nxd7 Qxd7 15. e4
dxe4 16. dxe4 Bh7 17. b4 Na6 18. c5 Be7 19. Rf3 axb4 20. axb4 Nxb4 21. Rg3 f6
22. Rxa8 Rxa8 23. Bc4 Kh8 24. Qh5 Na2 25. Rd3 Qc7 26. Bxa2 Rxa2 27. Qe8+ Bg8
28. e5 Bxc5+ 29. Kf1 Qe7 30. Qxe7 Bxe7 31. Rd7 Rc2 32. Rxe7 Rxc3 33. exf6 gxf6
34. Rxb7 e5 35. fxe5 fxe5 36. Re7 Rc2 37. Ke1 Bd5 38. g3 Rc1+ 39. Kf2 1/2-1/2

[Event "35. Torneo Internacional La Roda "]
[Site "La Roda ESP"]
[Date "2008.03.20"]
[Round "3.16"]
[White "Fernandez Barrera, Victor"]
[Black "Perez Rodriguez, Luis Manuel"]
[Result "0-1"]
[WhiteElo "2247"]
[BlackElo "2432"]
[PlyCount "66"]
[EventDate "2008.03.19"]
[EventType "swiss"]
[EventRounds "9"]
[EventCountry "ESP"]
[Source "lmi"]
[SourceDate "2008.03.19"]

1. e4 e5 2. Nf3 Nc6 3. Bb5 a6 4. Bxc6 dxc6 5. O-O Bg4 6. d3 Qf6 7. Be3 Bxf3 8.
Qxf3 Qxf3 9. gxf3 f5 10. f4 exf4 11. Bxf4 O-O-O 12. Nd2 Bb4 13. Nb3 Bd6 14.
Bxd6 cxd6 15. f4 fxe4 16. dxe4 Nf6 17. Rae1 Rhe8 18. Nd2 Re6 19. Re3 Rde8 20.
Rfe1 Kc7 21. Kg2 Nh5 22. f5 R6e7 23. Nf3 g6 24. Nd4 Kd7 25. fxg6 hxg6 26. c4
Nf6 27. Kf3 Rh7 28. Rg1 Rf8 29. Kg2 Ng4 30. Rh3 Rf2+ 31. Kg3 Rxh3+ 32. Kxh3 Ne5
33. b3 Rd2 0-1

[Event "35. Torneo Internacional La Roda "]
[Site "La Roda ESP"]
[Date "2008.03.20"]
[Round "3.17"]
[White "Dolezal, Cristian"]
[Black "Moreno Gracia, Daniel"]
[Result "1/2-1/2"]
[WhiteElo "2425"]
[BlackElo "2222"]
[PlyCount "37"]
[EventDate "2008.03.19"]
[EventType "swiss"]
[EventRounds "9"]
[EventCountry "ESP"]
[Source "lmi"]
[SourceDate "2008.03.19"]

1. d4 Nf6 2. g3 e6 3. Bg2 d5 4. Bg5 c5 5. e4 dxe4 6. Ne2 Nc6 7. c3 cxd4 8. Nxd4
Nxd4 9. Qxd4 Qxd4 10. cxd4 Be7 11. Nc3 Bd7 12. O-O-O Rc8 13. Bxf6 Bxf6 14. Bxe4
Bc6 15. Bxc6+ bxc6 16. Ne4 Ke7 17. Rd3 Rhd8 18. Rhd1 Rc7 19. Kc2 1/2-1/2

[Event "35. Torneo Internacional La Roda "]
[Site "La Roda ESP"]
[Date "2008.03.20"]
[Round "3.18"]
[White "Garcia Rodriguez, Victor"]
[Black "Rojas, Luis"]
[Result "0-1"]
[WhiteElo "2069"]
[BlackElo "2414"]
[PlyCount "62"]
[EventDate "2008.03.19"]
[EventType "swiss"]
[EventRounds "9"]
[EventCountry "ESP"]
[Source "lmi"]
[SourceDate "2008.03.19"]

1. e4 d6 2. d4 g6 3. Nc3 Bg7 4. f4 Nf6 5. h3 Nh5 6. g4 Ng3 7. Rh2 Nxf1 8. Kxf1
h5 9. Rg2 hxg4 10. hxg4 b5 11. Be3 Nd7 12. f5 Bb7 13. a3 a5 14. fxg6 fxg6 15.
d5 Ne5 16. Bd4 O-O+ 17. Ke1 e6 18. Bxe5 Bxe5 19. Nf3 Qf6 20. Nd2 exd5 21. g5
Qf4 22. Qg4 Qxg4 23. Rxg4 Bxc3 24. bxc3 dxe4 25. Rb1 Bc6 26. Nb3 Bd5 27. Nd4 c6
28. Rh4 Rae8 29. Rh6 Kg7 30. Rh3 e3 31. Ne2 Bg2 0-1

[Event "35. Torneo Internacional La Roda "]
[Site "La Roda ESP"]
[Date "2008.03.20"]
[Round "3.19"]
[White "Pogorelov, Ruslan"]
[Black "Sanchez Jerez, Emilio"]
[Result "1-0"]
[WhiteElo "2396"]
[BlackElo "2143"]
[PlyCount "81"]
[EventDate "2008.03.19"]
[EventType "swiss"]
[EventRounds "9"]
[EventCountry "ESP"]
[Source "lmi"]
[SourceDate "2008.03.19"]

1. Nf3 Nf6 2. c4 g6 3. Nc3 Bg7 4. e4 O-O 5. d4 d6 6. Be2 e5 7. O-O Na6 8. Be3
Ng4 9. Bg5 Qe8 10. c5 h6 11. Bh4 g5 12. Bg3 exd4 13. Nd5 Qxe4 14. Bc4 c6 15.
Re1 cxd5 16. Rxe4 dxe4 17. Bxa6 bxa6 18. Nxd4 dxc5 19. Nc6 Be6 20. h3 Nf6 21.
Qc2 Kh8 22. Be5 Bd7 23. Qc3 Ne8 24. Ne7 Be6 25. Qxc5 Kh7 26. Qd4 f5 27. Rc1 Rf7
28. Bxg7 Nxg7 29. Nd5 Raf8 30. Rc6 Bxd5 31. Qxd5 Rf6 32. Rc7 Kg6 33. Rxa7 R8f7
34. Rxf7 Rxf7 35. b4 Re7 36. Qc4 Re6 37. a4 f4 38. Kf1 e3 39. fxe3 fxe3 40. Ke2
Kf6 41. g4 1-0

[Event "35. Torneo Internacional La Roda "]
[Site "La Roda ESP"]
[Date "2008.03.20"]
[Round "3.20"]
[White "Epishin, Vladimir"]
[Black "Lopez Pereyra, Antonio"]
[Result "1-0"]
[WhiteElo "2577"]
[BlackElo "2085"]
[PlyCount "51"]
[EventDate "2008.03.19"]
[EventType "swiss"]
[EventRounds "9"]
[EventCountry "ESP"]
[Source "lmi"]
[SourceDate "2008.03.19"]

1. d4 Nf6 2. c4 c5 3. d5 a6 4. Nd2 b5 5. e4 d6 6. Ngf3 Nbd7 7. Bd3 g6 8. b3 Bg7
9. Bb2 O-O 10. O-O Nb6 11. Qc2 e6 12. dxe6 fxe6 13. cxb5 Nh5 14. Bxg7 Kxg7 15.
a4 axb5 16. axb5 Rxa1 17. Rxa1 Rf7 18. e5 Nd5 19. exd6 Qf6 20. Rd1 Nb4 21. Ne4
Qf4 22. Qc3+ Kh6 23. Neg5 Rf8 24. Bf1 Nf6 25. d7 Nfd5 26. Nxe6 1-0

[Event "35. Torneo Internacional La Roda "]
[Site "La Roda ESP"]
[Date "2008.03.21"]
[Round "4.3"]
[White "Rojas, Luis"]
[Black "Corrales Jimenez, Fidel"]
[Result "0-1"]
[WhiteElo "2414"]
[BlackElo "2509"]
[PlyCount "114"]
[EventDate "2008.03.19"]
[EventType "swiss"]
[EventRounds "9"]
[EventCountry "ESP"]
[Source "lmi"]
[SourceDate "2008.03.19"]

1. e4 c5 2. Nf3 Nc6 3. d4 cxd4 4. Nxd4 e5 5. Nb3 Nf6 6. Nc3 Bb4 7. Bc4 O-O 8.
O-O Bxc3 9. bxc3 Nxe4 10. Ba3 d6 11. Qe1 Nc5 12. Rd1 Qe7 13. Rxd6 Qxd6 14. Bxc5
Qg6 15. Bxf8 Bh3 16. Bd5 Rxf8 17. Qe3 Be6 18. Bxc6 bxc6 19. Qxe5 Bd5 20. f3
Qxc2 21. Nc5 f6 22. Qe3 Qxa2 23. h4 Bf7 24. Qf2 Qa5 25. Qd4 Qc7 26. Ra1 Re8 27.
Ne4 a5 28. Qd6 Qxd6 29. Nxd6 Ra8 30. Kf2 a4 31. Ra3 Bb3 32. Ne4 Bd5 33. Nd2 c5
34. Ke3 Kf7 35. c4 Bc6 36. Ne4 Bxe4 37. Kxe4 Ke6 38. g4 g6 39. Kf4 Kd6 40. Ke4
Kc6 41. f4 Kb6 42. Kd5 Ka5 43. Kxc5 Rc8+ 44. Kd5 Kb4 45. Ra1 Rc5+ 46. Ke6 Rxc4
47. Rf1 Rc6+ 48. Kf7 f5 49. Rb1+ Kc4 50. g5 a3 51. Kg7 Rc7+ 52. Kh6 Ra7 53. h5
gxh5 54. g6 hxg6 55. Kxg6 a2 56. Ra1 Kb3 57. Kxf5 Kb2 0-1

[Event "35. Torneo Internacional La Roda "]
[Site "La Roda ESP"]
[Date "2008.03.21"]
[Round "4.4"]
[White "Almeida Quintana, Omar"]
[Black "Pogorelov, Ruslan"]
[Result "1/2-1/2"]
[WhiteElo "2500"]
[BlackElo "2396"]
[PlyCount "105"]
[EventDate "2008.03.19"]
[EventType "swiss"]
[EventRounds "9"]
[EventCountry "ESP"]
[Source "lmi"]
[SourceDate "2008.03.19"]

1. d4 Nf6 2. c4 e6 3. Nf3 b6 4. a3 Ba6 5. e3 d5 6. b3 Bd6 7. Bd3 Bb7 8. Nbd2
Nbd7 9. Bb2 O-O 10. Qc2 c5 11. O-O cxd4 12. exd4 Rc8 13. a4 h6 14. Rad1 Nb8 15.
Rfe1 Nc6 16. Qb1 Nb4 17. Bf1 Ne4 18. Ne5 Bxe5 19. dxe5 Nxd2 20. Rxd2 Qe7 21.
Bc3 a5 22. Qd1 Rfd8 23. Qg4 dxc4 24. bxc4 Bc6 25. Rd6 Bxa4 26. Rxb6 Bc6 27. Re3
Qc5 28. Rg3 g6 29. Qf4 h5 30. Qe3 Qxe3 31. Rxe3 Rd1 32. Re1 Rxe1 33. Bxe1 Be4
34. Bxb4 axb4 35. f3 Bf5 36. Rxb4 g5 37. Kf2 f6 38. exf6 Kf7 39. Ke3 Kxf6 40.
Bd3 Bxd3 41. Kxd3 Rd8+ 42. Kc3 Rd1 43. Rb2 g4 44. fxg4 hxg4 45. Rf2+ Ke7 46.
Rf4 Rh1 47. Rxg4 Rxh2 48. Kb4 Kd6 49. Kb5 Rh5+ 50. Kb6 Rh1 51. c5+ Kd5 52. Rg5+
e5 53. Kc7 1/2-1/2

[Event "35. Torneo Internacional La Roda "]
[Site "La Roda ESP"]
[Date "2008.03.21"]
[Round "4.5"]
[White "Vehi Bach, Victor M"]
[Black "Sanchez, Joseph"]
[Result "0-1"]
[WhiteElo "2373"]
[BlackElo "2492"]
[PlyCount "86"]
[EventDate "2008.03.19"]
[EventType "swiss"]
[EventRounds "9"]
[EventCountry "ESP"]
[Source "lmi"]
[SourceDate "2008.03.19"]

1. e4 c5 2. Nf3 Nc6 3. d4 cxd4 4. Nxd4 Nf6 5. Nc3 e5 6. Ndb5 d6 7. Bg5 a6 8.
Na3 b5 9. Bxf6 gxf6 10. Nd5 Bg7 11. Bd3 Ne7 12. Nxe7 Qxe7 13. O-O f5 14. Qf3 d5
15. Qg3 O-O 16. exd5 e4 17. Be2 Kh8 18. c3 Be5 19. f4 exf3 20. Qxf3 Rg8 21.
Rad1 Rb8 22. Rd3 Rb6 23. Qe3 Rbg6 24. Bf3 Qd6 25. Re1 Bxh2+ 26. Kf1 Bg3 27.
Qd4+ f6 28. Red1 Rh6 29. Ke2 Bf4 30. Rf1 Bg5 31. Rc1 Rh4 32. Qa7 b4 33. Nc2 Qf4
34. Qe3 Qc4 35. b3 Qb5 36. Nd4 Qa5 37. Qf2 bxc3 38. Nc6 Qa3 39. Rdxc3 Re4+ 40.
Bxe4 fxe4 41. g3 Bg4+ 42. Ke1 e3 43. Rxe3 Qxc1# 0-1

[Event "35. Torneo Internacional La Roda "]
[Site "La Roda ESP"]
[Date "2008.03.21"]
[Round "4.6"]
[White "Ivanov, Jordan"]
[Black "Cabrera, Alexis"]
[Result "0-1"]
[WhiteElo "2371"]
[BlackElo "2491"]
[PlyCount "88"]
[EventDate "2008.03.19"]
[EventType "swiss"]
[EventRounds "9"]
[EventCountry "ESP"]
[Source "lmi"]
[SourceDate "2008.03.19"]

1. d4 f5 2. c4 Nf6 3. Nc3 d6 4. Nf3 g6 5. g3 Bg7 6. Bg2 O-O 7. O-O Qe8 8. d5
Na6 9. Rb1 c5 10. dxc6 bxc6 11. b4 Bd7 12. a3 Nc7 13. Bb2 Ne6 14. c5 d5 15. Ne5
Rd8 16. e3 Ng4 17. Nd3 Ng5 18. h3 e5 19. hxg4 fxg4 20. Ne1 e4 21. Ne2 Bxb2 22.
Rxb2 Nf3+ 23. Nxf3 gxf3 24. Nd4 fxg2 25. Kxg2 h5 26. f4 exf3+ 27. Rxf3 Qe4 28.
Kh2 h4 29. Qh1 Kg7 30. gxh4 Rxf3 31. Nxf3 Rf8 32. Rf2 Bg4 33. Kg3 Qxe3 34. Qa1+
Kg8 35. Qf1 Qf4+ 36. Kg2 Bf5 37. Kg1 Be4 38. Ne1 Qe3 39. Ng2 Qd4 40. Qe1 Rf3
41. Kf1 Rh3 42. Qd2 Rd3 43. Qf4 Rd1+ 44. Ne1 Bd3+ 0-1

[Event "35. Torneo Internacional La Roda "]
[Site "La Roda ESP"]
[Date "2008.03.21"]
[Round "4.7"]
[White "Suba, Mihai"]
[Black "Macak, Stefan"]
[Result "0-1"]
[WhiteElo "2485"]
[BlackElo "2361"]
[PlyCount "35"]
[EventDate "2008.03.19"]
[EventType "swiss"]
[EventRounds "9"]
[EventCountry "ESP"]
[Source "lmi"]
[SourceDate "2008.03.19"]

1. c4 Nf6 2. Nc3 c5 3. Nf3 b6 4. e4 d6 5. d4 cxd4 6. Nxd4 Bb7 7. Bd3 e6 8. O-O
Nbd7 9. Qe2 a6 10. b3 Be7 11. Bb2 Qc7 12. Rad1 O-O 13. Bb1 Rfe8 14. f4 Rac8 15.
Kh1 Qb8 16. f5 Nf8 17. fxe6 fxe6 18. Qf3 0-1

[Event "35. Torneo Internacional La Roda "]
[Site "La Roda ESP"]
[Date "2008.03.21"]
[Round "4.8"]
[White "Antoli Royo, Joaquin Miguel"]
[Black "Epishin, Vladimir"]
[Result "1/2-1/2"]
[WhiteElo "2350"]
[BlackElo "2577"]
[PlyCount "123"]
[EventDate "2008.03.19"]
[EventType "swiss"]
[EventRounds "9"]
[EventCountry "ESP"]
[Source "lmi"]
[SourceDate "2008.03.19"]

1. e4 c6 2. c4 e5 3. Nf3 d6 4. d4 Nd7 5. g3 Ngf6 6. Nc3 g6 7. Bg2 Bg7 8. O-O
O-O 9. Re1 a6 10. d5 cxd5 11. Nxd5 Nxd5 12. Qxd5 Qc7 13. Rd1 Re8 14. Qxd6 Qxc4
15. Nd2 Qc5 16. Qxc5 Nxc5 17. Nc4 Be6 18. Nd6 Red8 19. Be3 Na4 20. Nxb7 Rxd1+
21. Rxd1 Nxb2 22. Rd2 Nc4 23. Rd8+ Rxd8 24. Nxd8 Nxe3 25. Nxe6 Nd1 26. Nc5 Nc3
27. Nxa6 Nxa2 28. Nc5 Nc3 29. Kf1 Kf8 30. Ke1 Ke8 31. Kd2 Nb5 32. Na4 f5 33.
Nc3 Nd6 34. Kd3 Kf7 35. Nd5 Bh6 36. Nb6 Ke6 37. Na4 Bc1 38. Kc2 Bg5 39. Kd3 Bd8
40. Nc5+ Ke7 41. Na4 Bc7 42. Nc3 Bb8 43. f4 exf4 44. Nd5+ Kf7 45. Nxf4 fxe4+
46. Bxe4 Kf6 47. Nd5+ Ke5 48. Bf3 Ba7 49. Ne3 Bxe3 50. Kxe3 Nf5+ 51. Kd3 h6 52.
Be4 h5 53. Bc6 Nh6 54. Bd7 Ng8 55. Ke3 Nf6 56. Bc8 g5 57. Kf3 g4+ 58. Kg2 Nd5
59. h3 Ne3+ 60. Kh2 Ke4 61. hxg4 hxg4 62. Bxg4 1/2-1/2

[Event "35. Torneo Internacional La Roda "]
[Site "La Roda ESP"]
[Date "2008.03.21"]
[Round "4.9"]
[White "Mirzoev, Azer"]
[Black "Hernandez, Ivan"]
[Result "1/2-1/2"]
[WhiteElo "2518"]
[BlackElo "2314"]
[PlyCount "98"]
[EventDate "2008.03.19"]
[EventType "swiss"]
[EventRounds "9"]
[EventCountry "ESP"]
[Source "lmi"]
[SourceDate "2008.03.19"]

1. d4 d5 2. Nf3 Nf6 3. c4 dxc4 4. e3 e6 5. Bxc4 c5 6. O-O a6 7. Qe2 b5 8. Bd3
cxd4 9. exd4 Be7 10. Nc3 Bb7 11. Be3 Nbd7 12. Rad1 O-O 13. Rfe1 Nb6 14. Bg5 Rc8
15. Bb1 Rc7 16. Ne5 Nbd5 17. Qd3 Nxc3 18. bxc3 Qd5 19. Qh3 g6 20. Re3 Rfc8 21.
c4 bxc4 22. Rg3 c3 23. Qh4 c2 24. Bxc2 Rxc2 25. Bxf6 Bxf6 26. Qxf6 R2c7 27. h4
Qd8 28. Qf4 h5 29. Re1 Kg7 30. Rg5 Qf6 31. Qg3 Rc1 32. Rxc1 Rxc1+ 33. Kh2 Rc2
34. f3 Kh7 35. a3 Rd2 36. Nd7 Qxf3 37. Qxf3 Bxf3 38. Ne5 Bd5 39. Nxf7 Rxd4 40.
Kh3 Rd3+ 41. Rg3 Rxg3+ 42. Kxg3 Kg7 43. Ne5 Kf6 44. Kf4 Bxg2 45. Nd7+ Ke7 46.
Ne5 Kf6 47. Nd7+ Ke7 48. Ne5 Kf6 49. Nd7+ Ke7 1/2-1/2

[Event "35. Torneo Internacional La Roda "]
[Site "La Roda ESP"]
[Date "2008.03.21"]
[Round "4.10"]
[White "Ibarra Jerez, Jose Carlos"]
[Black "Sanchez Jimenez, Juan Carlos"]
[Result "1-0"]
[WhiteElo "2493"]
[BlackElo "2284"]
[PlyCount "117"]
[EventDate "2008.03.19"]
[EventType "swiss"]
[EventRounds "9"]
[EventCountry "ESP"]
[Source "lmi"]
[SourceDate "2008.03.19"]

1. e4 e6 2. d4 d5 3. Nc3 Nc6 4. Nf3 Nf6 5. e5 Ne4 6. Ne2 f6 7. exf6 Qxf6 8. Ng3
e5 9. Bb5 exd4 10. Nxe4 dxe4 11. Nxd4 Bb4+ 12. c3 O-O 13. Be3 Bc5 14. Bxc6 bxc6
15. Qb3+ Rf7 16. Qc4 Bxd4 17. Bxd4 Qg6 18. O-O-O a5 19. Bc5 Be6 20. Qa4 Qg5+
21. Be3 Qb5 22. Rd4 Rd7 23. Rxe4 Qd5 24. Rd1 Qxd1+ 25. Qxd1 Rxd1+ 26. Kxd1 Rd8+
27. Ke1 Bxa2 28. Re7 Rf8 29. Rxc7 Bd5 30. Bc5 Rf6 31. f3 a4 32. Kf2 h5 33. Ra7
Bb3 34. Bd4 Rf7 35. Ra6 Rc7 36. Be5 Re7 37. Bd6 Re2+ 38. Kg3 h4+ 39. Kh3 Rxb2
40. Rxc6 Be6+ 41. g4 hxg3+ 42. Kxg3 Rb7 43. c4 Rb3 44. Be5 Bf7 45. Rc8+ Kh7 46.
Rc7 Kg8 47. c5 Bd5 48. Rxg7+ Kf8 49. Ra7 Rxf3+ 50. Kg4 a3 51. h4 Re3 52. Bg7+
Kg8 53. h5 Rf3 54. h6 a2 55. Rxa2 Rf1 56. Ra7 Kh7 57. Kg5 Be4 58. Be5+ Kg8 59.
h7+ 1-0

[Event "35. Torneo Internacional La Roda "]
[Site "La Roda ESP"]
[Date "2008.03.21"]
[Round "4.11"]
[White "Herraiz Hidalgo, Herminio"]
[Black "Naranjo Moreno, Antonio"]
[Result "1-0"]
[WhiteElo "2485"]
[BlackElo "2257"]
[PlyCount "51"]
[EventDate "2008.03.19"]
[EventType "swiss"]
[EventRounds "9"]
[EventCountry "ESP"]
[Source "lmi"]
[SourceDate "2008.03.19"]

1. d4 Nf6 2. c4 g6 3. Nc3 Bg7 4. e4 d6 5. Be2 O-O 6. Nf3 e5 7. O-O Nc6 8. d5
Ne7 9. Kh1 Nh5 10. Ng1 Nf4 11. Bf3 f5 12. g3 fxe4 13. Nxe4 Nh3 14. Bg2 Nxg1 15.
Kxg1 Nf5 16. Bg5 Qe8 17. c5 h6 18. Bd2 dxc5 19. Nxc5 Nd6 20. Rc1 e4 21. Qb3 Rf5
22. Rfe1 Qf8 23. Nxe4 Nxe4 24. Bxe4 Rxf2 25. Bb4 Qf6 26. Bc3 1-0

[Event "35. Torneo Internacional La Roda "]
[Site "La Roda ESP"]
[Date "2008.03.21"]
[Round "4.12"]
[White "Garcia Moral Garcia, Jose Danie"]
[Black "Roa Alonso, Santiago"]
[Result "0-1"]
[WhiteElo "2280"]
[BlackElo "2474"]
[PlyCount "70"]
[EventDate "2008.03.19"]
[EventType "swiss"]
[EventRounds "9"]
[EventCountry "ESP"]
[Source "lmi"]
[SourceDate "2008.03.19"]

1. e4 d6 2. d4 Nf6 3. Nc3 g6 4. f3 c6 5. Be3 b5 6. Qd2 Nbd7 7. g4 Nb6 8. b3 h5
9. g5 Nfd7 10. a3 Bg7 11. f4 a6 12. Bg2 Bb7 13. Nd1 c5 14. c3 Qc7 15. Rc1 d5
16. e5 e6 17. h4 Bf8 18. Ne2 a5 19. Nb2 a4 20. dxc5 Nxc5 21. Bxc5 Bxc5 22. b4
Nc4 23. Nxc4 dxc4 24. bxc5 Bxg2 25. Rh2 Bd5 26. Nd4 Qxc5 27. Qb2 O-O 28. Rb1
Rab8 29. Qb4 Qa7 30. Re2 Rfd8 31. Rd1 Ba8 32. Rdd2 Qb7 33. Kd1 Qh1+ 34. Re1
Bf3+ 35. Nxf3 Qxf3+ 0-1

[Event "35. Torneo Internacional La Roda "]
[Site "La Roda ESP"]
[Date "2008.03.21"]
[Round "4.14"]
[White "Cortes Lizano, Jesus"]
[Black "Dolezal, Cristian"]
[Result "1/2-1/2"]
[WhiteElo "2250"]
[BlackElo "2425"]
[PlyCount "54"]
[EventDate "2008.03.19"]
[EventType "swiss"]
[EventRounds "9"]
[EventCountry "ESP"]
[Source "lmi"]
[SourceDate "2008.03.19"]

1. c4 g6 2. Nf3 Bg7 3. g3 c5 4. Bg2 Nc6 5. Nc3 e6 6. O-O Nge7 7. d3 O-O 8. Rb1
b6 9. a3 Bb7 10. Bd2 d6 11. b4 Qd7 12. Qc1 Rfe8 13. Bg5 f5 14. h4 Nd8 15. bxc5
bxc5 16. h5 Bc6 17. hxg6 hxg6 18. Nh4 Bxg2 19. Kxg2 Nf7 20. Nf3 Qc6 21. e4 d5
22. cxd5 exd5 23. exd5 Nxd5 24. Nxd5 Qxd5 25. Qc4 Qc6 26. Qb5 Qd5 27. Qc4 Qc6
1/2-1/2

[Event "35. Torneo Internacional La Roda "]
[Site "La Roda ESP"]
[Date "2008.03.21"]
[Round "4.15"]
[White "Moreno Gracia, Daniel"]
[Black "Pomes Marcet, Juan"]
[Result "0-1"]
[WhiteElo "2222"]
[BlackElo "2388"]
[PlyCount "142"]
[EventDate "2008.03.19"]
[EventType "swiss"]
[EventRounds "9"]
[EventCountry "ESP"]
[Source "lmi"]
[SourceDate "2008.03.19"]

1. c4 e5 2. Nc3 d6 3. g3 f5 4. Bg2 Nf6 5. d3 Be7 6. Nf3 c6 7. O-O O-O 8. c5 Na6
9. cxd6 Bxd6 10. e4 Nc5 11. b4 fxe4 12. dxe4 Ne6 13. Qb3 Qe7 14. Bb2 Kh8 15.
Rad1 Nc7 16. h3 Be6 17. Qc2 Bc4 18. Rfe1 Rad8 19. a3 Bf7 20. Nh4 g6 21. Na4 Kg8
22. f4 Nh5 23. Qc3 Nb5 24. Qf3 Nxf4 25. Nf5 gxf5 26. gxf4 fxe4 27. Qg3+ Bg6 28.
fxe5 Bc7 29. Bxe4 Rxd1 30. Rxd1 Qg7 31. Bxg6 Qxg6 32. Qxg6+ hxg6 33. Nc5 Bb6
34. Rd7 Nc7 35. Kg2 Bxc5 36. bxc5 Ne6 37. Re7 Nf4+ 38. Kg3 Nh5+ 39. Kg4 Rf7 40.
Re8+ Rf8 41. Re6 Rf2 42. Rxg6+ Ng7 43. Kg5 Rf5+ 44. Kh4 Kf7 45. Rg4 Ne6 46. Rb4
Nxc5 47. Bd4 a5 48. Kg4 Ke6 49. Rb1 Nd3 50. Bc3 Nf2+ 51. Kh4 Rf3 52. Bxa5 Rxh3+
53. Kg5 Rxa3 54. Bc7 b5 55. Rc1 Rc3 56. Rf1 Rc2 57. Kf4 b4 58. Rb1 c5 59. Ke3
Ng4+ 60. Kf4 Rc4+ 61. Kg3 Ne3 62. Kf3 Nd5 63. Bd6 Rc3+ 64. Ke2 Rh3 65. Kd2 Nc3
66. Re1 Kd5 67. Kc2 Nb5 68. Rd1+ Nd4+ 69. Kb2 Rh2+ 70. Kb1 b3 71. e6 Kxd6 0-1

[Event "35. Torneo Internacional La Roda "]
[Site "La Roda ESP"]
[Date "2008.03.21"]
[Round "4.16"]
[White "Ubilava, Elizbar"]
[Black "Guerra Tulcan, Lenin"]
[Result "1-0"]
[WhiteElo "2544"]
[BlackElo "2231"]
[PlyCount "41"]
[EventDate "2008.03.19"]
[EventType "swiss"]
[EventRounds "9"]
[EventCountry "ESP"]
[Source "lmi"]
[SourceDate "2008.03.19"]

1. Nf3 Nf6 2. c4 e6 3. g3 d5 4. Bg2 Be7 5. O-O O-O 6. d4 c5 7. cxd5 exd5 8. Nc3
h6 9. dxc5 Na6 10. Ne5 Qc7 11. Nd3 d4 12. Nb5 Qd8 13. b4 Bf5 14. Bxb7 Bxd3 15.
Bxa6 Bc4 16. Qc2 Bd5 17. Nxd4 Be4 18. Qc4 Qd7 19. f3 Bd5 20. Qd3 Rad8 21. Nf5
1-0

[Event "35. Torneo Internacional La Roda "]
[Site "La Roda ESP"]
[Date "2008.03.21"]
[Round "4.19"]
[White "Movsziszian, Karen"]
[Black "Gonzalez Aguirre, Luis"]
[Result "1-0"]
[WhiteElo "2527"]
[BlackElo "2150"]
[PlyCount "59"]
[EventDate "2008.03.19"]
[EventType "swiss"]
[EventRounds "9"]
[EventCountry "ESP"]
[Source "lmi"]
[SourceDate "2008.03.19"]

1. g3 d5 2. Bg2 c6 3. Nf3 Bf5 4. O-O h6 5. d3 e6 6. Nfd2 Nf6 7. e4 Bh7 8. Qe2
Be7 9. f4 Qc7 10. Nc3 Na6 11. a3 O-O-O 12. b4 g5 13. Nf3 g4 14. Ne5 h5 15. Qf2
Bg6 16. Qxa7 Rh7 17. Na4 Rdh8 18. Bb2 Bxe4 19. dxe4 h4 20. exd5 exd5 21. Rae1
hxg3 22. hxg3 Ne4 23. Rxe4 dxe4 24. Bxe4 f6 25. Rd1 Bd6 26. Nc4 Rh1+ 27. Bxh1
Qh7 28. Nxd6+ Kd7 29. Qxb7+ Nc7 30. Nc5+ 1-0

[Event "35. Torneo Internacional La Roda "]
[Site "La Roda ESP"]
[Date "2008.03.21"]
[Round "4.20"]
[White "Lopez Quevedo, Angel Carlos"]
[Black "Kovacevic, Slobodan"]
[Result "0-1"]
[WhiteElo "2130"]
[BlackElo "2413"]
[PlyCount "74"]
[EventDate "2008.03.19"]
[EventType "swiss"]
[EventRounds "9"]
[EventCountry "ESP"]
[Source "lmi"]
[SourceDate "2008.03.19"]

1. d4 Nf6 2. Nf3 e6 3. Bf4 c5 4. e3 Be7 5. Bd3 b6 6. Qe2 Bb7 7. Nbd2 a6 8. c3
Nh5 9. Bg3 cxd4 10. exd4 d6 11. a4 Nd7 12. Ne4 Nxg3 13. hxg3 g6 14. Qe3 Nf6 15.
Nxf6+ Bxf6 16. g4 Qe7 17. g5 Bg7 18. Kf1 Bc6 19. Be4 Qb7 20. Nd2 b5 21. axb5
axb5 22. Ke2 Rxa1 23. Rxa1 d5 24. Bd3 b4 25. Ra2 O-O 26. Nf3 bxc3 27. bxc3 Bb5
28. Ne5 Bxe5 29. dxe5 Rc8 30. Ra5 Bxd3+ 31. Qxd3 Qc7 32. Ra3 Qxe5+ 33. Qe3 Qf5
34. g3 Rc4 35. Kf1 Re4 36. Qd2 Qf3 37. Kg1 Re2 0-1